Nelson Bakewell and IPD Occupiers (Record no. 106291)
[ view plain ]
| 000 -LEADER | |
|---|---|
| fixed length control field | 01193cam a2200217 4500 |
| 001 - CONTROL NUMBER | |
| control field | L136027 |
| 008 - FIXED-LENGTH DATA ELEMENTS--GENERAL INFORMATION | |
| fixed length control field | 070103n2006 000 0 eng u |
| 035 ## - SYSTEM CONTROL NUMBER | |
| System control number | (Sirsi) u136027 |
| 041 0# - LANGUAGE CODE | |
| Language code of text/sound track or separate title | eng |
| 110 2# - MAIN ENTRY--CORPORATE NAME | |
| Corporate name or jurisdiction name as entry element | Nelson Bakewell |
| 9 (RLIN) | 2525 |
| 245 00 - TITLE STATEMENT | |
| Title | Nelson Bakewell and IPD Occupiers |
| Remainder of title | lease lengths |
| -- | has the tide turned? |
| 260 ## - PUBLICATION, DISTRIBUTION, ETC. | |
| Place of publication, distribution, etc. | London |
| Name of publisher, distributor, etc. | Nelson Bakewell |
| Date of publication, distribution, etc. | 2006 |
| 520 ## - SUMMARY, ETC. | |
| Summary, etc. | Looks at data on leases and investigates the link between the length of leases and the quality of property. Discusses whether the balance is swinging in the landlord's favour due to supply and demand, and whether the proposed Stamp Duty Land Tax is affecting lease terms. Concludes that trend in shorter lease lengths is slowing and in some cases reversing. Tables illustrate the changes in average lease length by sector 1999 - 2005, and the average lease length by market segment and yield band in 2005. |
| 590 ## - LOCAL NOTE (RLIN) | |
| Local note | KA NTK |
| 650 24 - SUBJECT ADDED ENTRY--TOPICAL TERM | |
| Topical term or geographic name entry element | STAMP DUTY LAND TAX |
| 651 #4 - SUBJECT ADDED ENTRY--GEOGRAPHIC NAME | |
| Geographic name | United Kingdom |
| Chronological subdivision | |
| 690 ## - LOCAL SUBJECT ADDED ENTRY--TOPICAL TERM (OCLC, RLIN) | |
| Topical term or geographic name as entry element | LANDLORD AND TENANT-BUSINESS TENANCIES |
| 710 2# - ADDED ENTRY--CORPORATE NAME | |
| Corporate name or jurisdiction name as entry element | IPD Occupiers |
| 9 (RLIN) | 5090 |
| 856 40 - ELECTRONIC LOCATION AND ACCESS | |
| Uniform Resource Identifier | <a href="https://www.nelson-bakewell.com/">https://www.nelson-bakewell.com/</a> |
| Public note | View the item free of charge at http://www.nelson-bakewell.com/... |
| 942 ## - ADDED ENTRY ELEMENTS (KOHA) | |
| Suppress in OPAC | 0 |
| Withdrawn status | Lost status | Source of classification or shelving scheme | Damaged status | Not for loan | Home library | Current library | Shelving location | Date acquired | Total Checkouts | Full call number | Barcode | Date last seen | Copy number | Price effective from | Koha item type |
|---|---|---|---|---|---|---|---|---|---|---|---|---|---|---|---|
| Dewey Decimal Classification | Virtual | Virtual | Online | 03/01/2007 | ONLINE PUBLICATION | 136027-2001 | 06/08/2019 | 1 | 06/08/2019 | Book |